Industrial safety and health in the age of high technology : for technologists, engineers, and managers (Record no. 63288)
[ view plain ]
| 000 -LEADER | |
|---|---|
| fixed length control field | 00574nam a22001817a 4500 |
| 003 - CONTROL NUMBER IDENTIFIER | |
| control field | NUST - PNEC |
| 005 - DATE AND TIME OF LATEST TRANSACTION | |
| control field | 20170116180808.0 |
| 008 - FIXED-LENGTH DATA ELEMENTS--GENERAL INFORMATION | |
| fixed length control field | 150424b xxu||||| |||| 00| 0 eng d |
| 020 ## - INTERNATIONAL STANDARD BOOK NUMBER | |
| International Standard Book Number | 9780023442070 |
| 040 ## - CATALOGING SOURCE | |
| Transcribing agency | LIBRARY |
| 082 ## - DEWEY DECIMAL CLASSIFICATION NUMBER | |
| Classification number | 363.11 GOE |
| 100 ## - MAIN ENTRY--PERSONAL NAME | |
| 9 (RLIN) | 3181 |
| Personal name | Goetsch, David L. |
| 245 ## - TITLE STATEMENT | |
| Title | Industrial safety and health in the age of high technology : for technologists, engineers, and managers |
| Statement of responsibility, etc. | David L. Goetsch |
| 260 ## - PUBLICATION, DISTRIBUTION, ETC. | |
| Place of publication, distribution, etc. | New York |
| Name of publisher, distributor, etc. | Macmillan Publishing Company |
| Date of publication, distribution, etc. | c1993. |
| 300 ## - PHYSICAL DESCRIPTION | |
| Extent | 563 p. : |
| 650 ## - SUBJECT ADDED ENTRY--TOPICAL TERM | |
| 9 (RLIN) | 3183 |
| Topical term or geographic name entry element | United States |
| General subdivision | BS/MIS |
| 942 ## - ADDED ENTRY ELEMENTS (KOHA) | |
| Source of classification or shelving scheme | |
| Koha item type | Book |
| Withdrawn status | Lost status | Source of classification or shelving scheme | Damaged status | Not for loan | Permanent Location | Current Location | Shelving location | Date acquired | Source of acquisition | Cost, normal purchase price | Total Checkouts | Full call number | Barcode | Date last seen | Cost, replacement price | Price effective from | Koha item type |
|---|---|---|---|---|---|---|---|---|---|---|---|---|---|---|---|---|---|
| Pakistan Navy Engineering College (PNEC) | Pakistan Navy Engineering College (PNEC) | 01/06/1999 | Abrar & Sons | 1716.00 | 363.11 GOE | PNECLIB-020321 | 04/24/2015 | 1716.00 | 01/06/1999 | Book | |||||||
| Pakistan Navy Engineering College (PNEC) | Pakistan Navy Engineering College (PNEC) | 09/07/2000 | Abrar & Sons | 1772.00 | 363.11 GOE | PNECLIB-022595 | 04/24/2015 | 1772.00 | 09/07/2000 | Book |
